Paises que fazem fronteira com a Arábia Saudita (sem mapa) - Statistics

Estatísticas Gerais
  • Esse quiz foi jogado 34 vezes
  • A pontuação média é 6 de 7
Estatísticas das Respostas
Hint Resposta % Correto
7 Iraque
97%
3 Qatar
97%
5 Emirados Árabes unidos
94%
4 Omã
94%
1 Iemen
91%
6 Kuwait
88%
2 Jordania
85%
Nenhum quiz correspondente encontrado
Distribuição das Pontuações
Porcentagem de Pessoas com Cada Pontuação
Percentil de Números Respondidos
Sua Pontuação Histórica
Você não jogou esse quiz